Propuesta de Intervención urbano-arquitectónica para los barrios Bóer y San Pedro de la ciudad de Managua
Se realiza propuesta de Intervención urbano-arquitectónica para los barrios Bóer y San Pedro de la ciudad de Managua, en el cual se pretende hacer un análisis de las condiciones físicas en la que viven los habitantes de los barrios Bóer y San Pedro, para revitalizar la imagen urbana a fin de c...
| Main Author: | |
|---|---|
| Other Authors: | |
| Format: | Tesis Section = Libro |
| Language: | Undetermined Spanish |
| Published: |
Managua
UNI
2015
|
| Subjects: |
| LEADER | 01259nam a2200277Ia 4500 | ||
|---|---|---|---|
| 008 | 240830s9999 xx 000 0 und d | ||
| 040 | |a BIBLIOTECA-RUSB/ Mon 711.4 O74 | ||
| 041 | |a spa | ||
| 082 | |a Mon 711.4 O74 | ||
| 100 | 1 | |a Orozco Nar, Quiriam Dalila | |
| 245 | 1 | 0 | |a Propuesta de Intervención urbano-arquitectónica para los barrios Bóer y San Pedro de la ciudad de Managua |
| 260 | |a Managua |b UNI |c 2015 | ||
| 300 | |a 84 p. :il. | ||
| 500 | |a Contiene: anexos e Incluye: CD. | ||
| 502 | |a Tesis (Arquitecto) - UNI, 2015. | ||
| 520 | 3 | |a Se realiza propuesta de Intervención urbano-arquitectónica para los barrios Bóer y San Pedro de la ciudad de Managua, en el cual se pretende hacer un análisis de las condiciones físicas en la que viven los habitantes de los barrios Bóer y San Pedro, para revitalizar la imagen urbana a fin de contribuir a la recuperación del antiguo centro histórico de la capital. | |
| 650 | 7 | |a PLANIFICACION URBANA | |
| 650 | 7 | |b DESARROLLO URBANO | |
| 650 | 7 | |c URBANISMO | |
| 650 | 7 | |d PLANIFICACION DEL ESPACIO URBANO | |
| 650 | 7 | |e DISEÑO ARQUITECTONICO | |
| 650 | 7 | |f ARQUITECTURA-DISEÑOS Y PLANOS | |
| 700 | 1 | |a Tutor: |b Pentzke Chamorro, Gerald | |
| 942 | |c BK |2 ddc | ||
| 991 | |a TESIS | ||
| 999 | |c 20950 | ||